[Event "ICS rated standard match"]
[Site "204.178.125.65"]
[Date "1999.12.18"]
[Round "?"]
[White "Hossa"]
[Black "star"]
[Result "0-1"]
[WhiteElo "2282"]
[BlackElo "2403"]
[PlyCount "138"]

1. c4 c6 2. e4 d5 3. exd5 cxd5 4. d4 Nf6 5. Nc3 g6 6. cxd5 Nxd5 7. Bb5+ Bd7 8.
Qe2 Nxc3 9. bxc3 Qa5 10. Bxd7+ Nxd7 11. Bb2 Bg7 12. Nf3 O-O 13. O-O e5 14. Qe4
exd4 15. cxd4 Nf6 16. Qd3 Rac8 17. Rfe1 Nd5 18. Qb3 Rfd8 19. Rac1 Rc6 20. Rc4
Rb6 21. Qc2 Qxa2 22. Rc8 Rf8 23. Re2 Rxc8 24. Qxc8+ Bf8 25. Qc2 Rb3 26. Ne5 Ba3
27. Bc1 Qxc2 28. Rxc2 Rb1 29. Nd3 Nf4 30. Nxf4 Bxc1 31. g3 Bxf4+ 32. Kg2 Bd6
33. Rc8+ Kg7 34. Ra8 a6 35. Rd8 Bc7 36. Rd7 Ba5 37. d5 Rb2 38. h4 Be1 39. Re7
Bxf2 40. Kf3 h5 41. Re8 Bc5 42. Rc8 Bd6 43. Rc1 Rb3+ 44. Ke2 Kf6 45. Rf1+ Ke7
46. Rf3 Rxf3 47. Kxf3 Bxg3 48. Kxg3 Kd6 49. Kf4 Kxd5 50. Ke3 Ke5 51. Kd3 f6 52.
Kc3 b6 53. Kd3 g5 54. Ke3 gxh4 55. Kf3 Kf5 56. Kf2 Kg4 57. Ke3 h3 58. Kf2 f5
59. Kg1 f4 60. Kh2 f3 61. Kg1 Kg3 62. Kh1 b5 63. Kg1 f2+ 64. Kf1 h2 65. Ke2
h1=Q 66. Kd3 f1=Q+ 67. Kd4 Qf6+ 68. Kd3 Qd1+ 69. Ke3 Qe6# 0-1

[Event "ICS rated standard match"]
[Site "204.178.125.65"]
[Date "1999.12.19"]
[Round "?"]
[White "star"]
[Black "Hossa"]
[Result "1-0"]
[WhiteElo "2414"]
[BlackElo "2271"]
[PlyCount "155"]

1. e4 c6 2. d4 d5 3. Nc3 dxe4 4. Nxe4 Bf5 5. Ng3 Bg6 6. h4 h6 7. Nf3 Nd7 8. h5
Bh7 9. Bd3 Bxd3 10. Qxd3 Qc7 11. Bd2 e6 12. O-O-O Ngf6 13. Ne4 O-O-O 14. g3
Nxe4 15. Qxe4 Nf6 16. Qe2 Rd5 17. Bf4 Qa5 18. Ne5 Bd6 19. Nxf7 Bxf4+ 20. gxf4
Re8 21. c4 Rd7 22. Ne5 Rd6 23. Kb1 Qc7 24. Rd3 Red8 25. Qe3 Qe7 26. f3 Kb8 27.
f5 Qe8 28. fxe6 Rxe6 29. f4 Nxh5 30. f5 Red6 31. Rdd1 Ka8 32. Rh4 Nf6 33. Qg3
Qf8 34. Rd3 Nd7 35. Nf7 Qxf7 36. Qxd6 Qxc4 37. Qg3 Nf6 38. Rd1 Rd7 39. Re1 Qd5
40. Qe5 a6 41. Qxd5 cxd5 42. Kc2 Ne4 43. Rg1 Ka7 44. Rg6 Rc7+ 45. Kd3 Nf2+ 46.
Ke2 Ne4 47. Kf3 Re7 48. Rhg4 Ng5+ 49. Kg3 Re3+ 50. Kf2 Rf3+ 51. Ke2 Rxf5 52.
Rxg7 Ne6 53. Rg8 h5 54. Rh4 Rf7 55. Rg3 b5 56. Rf3 Rxf3 57. Kxf3 Kb7 58. Ke3
Ng7 59. Kf4 a5 60. Ke5 Kc6 61. Rh2 b4 62. Rc2+ Kb7 63. Rc5 Ne8 64. Rxd5 Nc7 65.
Rxa5 Kb6 66. d5 Na6 67. Rxa6+ Kxa6 68. d6 Kb7 69. Ke6 h4 70. d7 Kc7 71. Ke7 Kc6
72. d8=Q Kc5 73. Qd6+ Kc4 74. Kd7 Kb5 75. Qc6+ Ka5 76. b3 h3 77. Kc7 h2 78.
Qa4# 1-0

[Event "ICS rated blitz match"]
[Site "204.178.125.65"]
[Date "1999.12.19"]
[Round "?"]
[White "osuruk"]
[Black "Hossa"]
[Result "0-1"]
[WhiteElo "2272"]
[BlackElo "2419"]
[PlyCount "46"]

1. d4 c5 2. d5 e5 3. e4 Nf6 4. Nc3 d6 5. Nf3 Be7 6. Be2 O-O 7. O-O Nfd7 8. a4
f5 9. Ne1 fxe4 10. Nxe4 Nf6 11. Nxf6+ Bxf6 12. Bg4 Na6 13. c3 Bxg4 14. Qxg4 Nc7
15. Kh1 Qe7 16. c4 e4 17. Ra3 Bd4 18. Be3 Bxb2 19. Rb3 Bd4 20. Nc2 Bxe3 21.
Nxe3 b6 22. Nf5 Qe5 23. Rg3 Rxf5 0-1

[Event "ICS rated blitz match"]
[Site "204.178.125.65"]
[Date "1999.12.19"]
[Round "?"]
[White "Hossa"]
[Black "osuruk"]
[Result "1-0"]
[WhiteElo "2429"]
[BlackElo "2262"]
[PlyCount "62"]

1. e4 c5 2. Nf3 d6 3. d4 cxd4 4. Nxd4 Nf6 5. Nc3 a6 6. Bg5 e6 7. f4 Qb6 8. Nb3
Qe3+ 9. Qe2 Ng4 10. Nd1 Qxe2+ 11. Bxe2 Nf6 12. Nc3 Be7 13. e5 dxe5 14. fxe5
Nfd7 15. Bxe7 Kxe7 16. O-O Nxe5 17. Rae1 Nbc6 18. Nc5 Nd7 19. N5e4 Nf6 20. Nxf6
gxf6 21. Rf4 Bd7 22. Bf3 Rad8 23. Nd5+ Kf8 24. Nxf6 Bc8 25. Bxc6 bxc6 26. Rf2
Ke7 27. g4 c5 28. Ref1 Bb7 29. a3 Rd4 30. g5 h6 31. gxh6 Rxh6 1-0

[Event "ICS rated blitz match"]
[Site "204.178.125.65"]
[Date "1999.12.19"]
[Round "?"]
[White "osuruk"]
[Black "Hossa"]
[Result "0-1"]
[WhiteElo "2253"]
[BlackElo "2438"]
[PlyCount "76"]

1. d4 c5 2. d5 e5 3. e4 Nf6 4. Nc3 d6 5. Be2 Be7 6. Nf3 O-O 7. O-O Nfd7 8. Nd2
f5 9. exf5 Nb6 10. f4 Bxf5 11. fxe5 dxe5 12. Nc4 N8d7 13. a4 e4 14. a5 Nxc4 15.
Bxc4 Bd6 16. Nb5 Ne5 17. Nxd6 Qxd6 18. Bf4 Qf6 19. Ra4 Nxc4 20. Rxc4 Qxb2 21.
Rxc5 b6 22. axb6 Qxb6 23. Be3 Bd7 24. Qd2 Rxf1+ 25. Kxf1 Rf8+ 26. Ke1 Qf6 27.
Qe2 Qa1+ 28. Kd2 Rf1 29. Rc4 Bg4 30. Qxf1 Qxf1 31. Rd4 Qe2+ 32. Kc3 Qxe3+ 33.
Kc4 Be2+ 34. Kc5 Qc3+ 35. Kd6 Qxd4 36. Ke6 Qf6+ 37. Kd7 Bg4+ 38. Kc7 Qb6# 0-1

[Event "ICS rated blitz match"]
[Site "204.178.125.65"]
[Date "1999.12.19"]
[Round "?"]
[White "Hossa"]
[Black "osuruk"]
[Result "1-0"]
[WhiteElo "2451"]
[BlackElo "2235"]
[PlyCount "77"]

1. e4 c5 2. Nf3 Nc6 3. Nc3 e5 4. Bc4 Be7 5. O-O Nf6 6. Ng5 O-O 7. f4 exf4 8. d3
d6 9. Bxf4 h6 10. Nf3 Be6 11. Nd2 a6 12. a4 Nd4 13. Rc1 Rb8 14. Qe1 b5 15. axb5
axb5 16. Bxe6 Nxe6 17. Qf2 b4 18. Ne2 Nxf4 19. Qxf4 d5 20. e5 Nd7 21. Rcd1 Bg5
22. Qf2 Qc7 23. Nf3 Nxe5 24. Nxg5 hxg5 25. Qf5 c4 26. d4 Ng6 27. Qxd5 g4 28.
Rde1 Rbd8 29. Qb5 Rb8 30. Qf5 c3 31. bxc3 bxc3 32. Qxg4 Rb2 33. Qe4 Qc4 34. Rf3
Rc8 35. Rxc3 Qa6 36. d5 Rxc3 37. Nxc3 Qa5 38. Qd3 Nf4 39. Re8# 1-0

[Event "ICS rated blitz match"]
[Site "204.178.125.65"]
[Date "1999.12.19"]
[Round "?"]
[White "brutus"]
[Black "Hossa"]
[Result "0-1"]
[WhiteElo "2125"]
[BlackElo "2458"]
[PlyCount "66"]

1. e4 e5 2. Nf3 Nf6 3. Nc3 Bb4 4. Bc4 d6 5. O-O Bxc3 6. bxc3 Nxe4 7. Re1 f5 8.
d4 Qe7 9. dxe5 dxe5 10. Qd5 Nd7 11. Ba3 Qxa3 12. Qf7+ Kd8 13. Rxe4 Rf8 14. Qxg7
fxe4 15. Ng5 Qd6 16. Ne6+ Ke8 17. Qxh7 Rf6 18. Qh8+ Nf8 19. Qxf6 Bxe6 20. Bxe6
Qxe6 21. Qxe6+ Nxe6 22. Re1 Rd8 23. h4 Nc5 24. Re2 Rd1+ 25. Kh2 Ra1 26. g4 Kf8
27. g5 Rxa2 28. h5 Ne6 29. g6 Nf4 30. Rxe4 Nxh5 31. Rxe5 Nf6 32. f4 Ng4+ 33.
Kg3 Nxe5 0-1

[Event "ICS rated blitz match"]
[Site "204.178.125.65"]
[Date "1999.12.19"]
[Round "?"]
[White "Hossa"]
[Black "brutus"]
[Result "1/2-1/2"]
[WhiteElo "2462"]
[BlackElo "2121"]
[PlyCount "85"]

1. e4 e6 2. d4 d5 3. Nc3 Nf6 4. Bd3 Bb4 5. e5 Nfd7 6. Qg4 Kf8 7. Bg5 Be7 8.
Bxe7+ Qxe7 9. Nf3 a6 10. Qh5 c5 11. dxc5 Nc6 12. O-O Nxc5 13. Rad1 b5 14. Rfe1
Bb7 15. Ng5 h6 16. Nf3 g6 17. Qh3 Kg7 18. Rd2 Rac8 19. Red1 Nd7 20. Qg3 b4 21.
Ne2 a5 22. Bb5 Nc5 23. Bd3 Nxd3 24. Rxd3 Ba6 25. R3d2 Bxe2 26. Rxe2 Rc7 27.
Red2 Rhc8 28. Qf4 Rb8 29. Qe3 Rcb7 30. Rd3 Rc7 31. R1d2 Rcb7 32. Nd4 Nxd4 33.
Qxd4 Rc7 34. Re3 Rbc8 35. Qd3 Qc5 36. Qa6 Rc6 37. Qf1 Qc4 38. Qb1 Qf4 39. Qd1
Qc4 40. Qb1 Qf4 41. Qd1 Qc4 42. Qb1 Qf4 43. Qd1 1/2-1/2

[Event "ICS rated blitz match"]
[Site "204.178.125.65"]
[Date "1999.12.19"]
[Round "?"]
[White "brutus"]
[Black "Hossa"]
[Result "0-1"]
[WhiteElo "2133"]
[BlackElo "2450"]
[PlyCount "44"]

1. e4 e5 2. Nf3 Nf6 3. Nc3 Bb4 4. Bc4 d6 5. d3 Bxc3+ 6. bxc3 O-O 7. Bg5 Bg4 8.
O-O c6 9. Qe2 Qa5 10. Bxf6 gxf6 11. Qe3 b5 12. Bb3 Qxc3 13. h3 Be6 14. Qh6 Nd7
15. Nh4 a5 16. f4 a4 17. Rf3 Qxa1+ 18. Kh2 exf4 19. Rxf4 axb3 20. Nf5 Bxf5 21.
exf5 Kh8 22. d4 Qc1 0-1

[Event "ICS rated blitz match"]
[Site "204.178.125.65"]
[Date "1999.12.19"]
[Round "?"]
[White "Hossa"]
[Black "brutus"]
[Result "1-0"]
[WhiteElo "2454"]
[BlackElo "2129"]
[PlyCount "27"]

1. e4 e6 2. d4 d5 3. Nc3 Nf6 4. Bd3 dxe4 5. Nxe4 Nxe4 6. Bxe4 Nd7 7. Nf3 Nf6 8.
Bd3 Be7 9. O-O O-O 10. Bg5 b6 11. Re1 Bb7 12. c3 h6 13. Bh4 Qd5 14. Bxf6 1-0

[Event "ICS rated blitz match"]
[Site "204.178.125.65"]
[Date "1999.12.19"]
[Round "?"]
[White "brutus"]
[Black "Hossa"]
[Result "1/2-1/2"]
[WhiteElo "2125"]
[BlackElo "2458"]
[PlyCount "86"]

1. e4 e5 2. Nf3 Nf6 3. Nc3 Bb4 4. Bc4 d6 5. d3 Bxc3+ 6. bxc3 O-O 7. O-O Be6 8.
Bb3 Bxb3 9. cxb3 c5 10. Bg5 Nbd7 11. Nd2 h6 12. Be3 d5 13. f4 d4 14. cxd4 exd4
15. Bf2 Re8 16. Bh4 Qa5 17. Nc4 Qa6 18. e5 Nd5 19. Qf3 Nb4 20. a3 Nc2 21. Ra2
Ne3 22. Nxe3 dxe3 23. Qxe3 Qb6 24. b4 cxb4 25. Qxb6 axb6 26. Rfa1 bxa3 27. Rxa3
Rxa3 28. Rxa3 Nc5 29. Bf2 Rd8 30. Bxc5 bxc5 31. Kf2 b5 32. Ke3 b4 33. Ra5 Rc8
34. Rb5 g5 35. g3 gxf4+ 36. gxf4 Kg7 37. Rb6 h5 38. h4 Rd8 39. Rb5 Rd5 40. Ke4
Rd4+ 41. Ke3 Rd5 42. Ke4 Rd4+ 43. Ke3 Rd5 1/2-1/2

[Event "ICS rated blitz match"]
[Site "204.178.125.65"]
[Date "1999.12.19"]
[Round "?"]
[White "Hossa"]
[Black "brutus"]
[Result "1-0"]
[WhiteElo "2446"]
[BlackElo "2137"]
[PlyCount "83"]

1. e4 e6 2. d4 d5 3. Nc3 Nf6 4. Bd3 dxe4 5. Nxe4 Nxe4 6. Bxe4 Nd7 7. Nf3 Nf6 8.
Bd3 Be7 9. O-O O-O 10. Bg5 b6 11. Re1 Bb7 12. c3 h6 13. Bh4 Nd5 14. Bxe7 Qxe7
15. Be4 c5 16. Qb3 cxd4 17. Bxd5 Bxd5 18. Qxd5 dxc3 19. bxc3 Qc7 20. Qe5 Rac8
21. Qxc7 Rxc7 22. Rac1 Rfc8 23. Re3 Rc4 24. Rd3 b5 25. Nd4 b4 26. Ne2 a5 27.
Rd4 Rxd4 28. cxd4 Rxc1+ 29. Nxc1 Kf8 30. Nb3 a4 31. Nc5 a3 32. f4 Ke7 33. Kf2
Kd6 34. Ke3 Kd5 35. Kd3 g5 36. fxg5 hxg5 37. g4 e5 38. Na6 e4+ 39. Ke3 b3 40.
axb3 Kc6 41. Nb4+ Kb5 42. Nc2 1-0

[Event "ICS rated blitz match"]
[Site "204.178.125.65"]
[Date "1999.12.19"]
[Round "?"]
[White "brutus"]
[Black "Hossa"]
[Result "1/2-1/2"]
[WhiteElo "2132"]
[BlackElo "2451"]
[PlyCount "94"]

1. e4 e5 2. Nf3 Nf6 3. Nc3 Bb4 4. Bc4 d6 5. d3 Bxc3+ 6. bxc3 O-O 7. Bg5 Bg4 8.
Qe2 Nc6 9. Qe3 Be6 10. Bb3 h6 11. Bh4 a5 12. a4 Bxb3 13. cxb3 Ng4 14. Bxd8 Nxe3
15. fxe3 Raxd8 16. O-O-O f5 17. exf5 Rxf5 18. e4 Rf6 19. Rhf1 Rdf8 20. Nd2 Rf2
21. Rxf2 Rxf2 22. Rg1 Nd8 23. Kd1 Ne6 24. Ke1 Rf6 25. g3 Nc5 26. Ke2 c6 27. Ra1
g5 28. b4 axb4 29. cxb4 Ne6 30. Nb3 d5 31. b5 dxe4 32. dxe4 c5 33. a5 c4 34. a6
bxa6 35. bxa6 cxb3 36. a7 Nc7 37. a8=Q+ Nxa8 38. Rxa8+ Kg7 39. Rb8 Ra6 40. Rxb3
Ra2+ 41. Kf3 Rxh2 42. Kg4 Rf2 43. Rb7+ Kg6 44. Rb6+ Rf6 45. Rxf6+ Kxf6 46. Kh5
Kg7 47. g4 Kh7 1/2-1/2

[Event "ICS rated bullet match"]
[Site "204.178.125.65"]
[Date "1999.12.19"]
[Round "?"]
[White "evbad"]
[Black "Hossa"]
[Result "0-1"]
[WhiteElo "2172"]
[BlackElo "2527"]
[PlyCount "30"]

1. e4 e5 2. Nf3 Nf6 3. Nc3 Bb4 4. Bc4 d6 5. d3 Bxc3+ 6. bxc3 O-O 7. Bg5 Bg4 8.
h3 Bxf3 9. Qxf3 Nbd7 10. g4 c6 11. Bb3 d5 12. c4 dxe4 13. dxe4 Nc5 14. O-O
Ncxe4 15. Rad1 Nxg5 0-1

[Event "ICS rated bullet match"]
[Site "204.178.125.65"]
[Date "1999.12.19"]
[Round "?"]
[White "Hossa"]
[Black "evbad"]
[Result "1-0"]
[WhiteElo "2531"]
[BlackElo "2168"]
[PlyCount "56"]

1. e4 e5 2. Nf3 Nc6 3. Bb5 Nge7 4. O-O a6 5. Ba4 g6 6. d4 exd4 7. Nxd4 Bg7 8.
Be3 O-O 9. Nxc6 Nxc6 10. Nc3 d6 11. Qd2 Bd7 12. Bh6 Ne5 13. Bxg7 Kxg7 14. f4
Bxa4 15. fxe5 Bc6 16. exd6 Qxd6 17. Qxd6 cxd6 18. Rad1 Rad8 19. Rf4 Rfe8 20.
Rdf1 Re7 21. a4 Rde8 22. R1f2 Rd8 23. b4 h5 24. b5 axb5 25. axb5 Be8 26. Nd5
Re5 27. Nc7 Rd7 28. b6 Rc5 1-0

[Event "ICS rated bullet match"]
[Site "204.178.125.65"]
[Date "1999.12.19"]
[Round "?"]
[White "evbad"]
[Black "Hossa"]
[Result "0-1"]
[WhiteElo "2164"]
[BlackElo "2535"]
[PlyCount "132"]

1. d4 c5 2. Nf3 cxd4 3. Nxd4 d5 4. g3 e5 5. Nb3 Nc6 6. Bg2 Nf6 7. O-O Bf5 8. c3
Qd7 9. Be3 Bh3 10. Bc5 Bxg2 11. Kxg2 Bxc5 12. Nxc5 Qe7 13. Nd3 O-O 14. Nd2 Qd7
15. e3 Qe6 16. Nc5 Qe7 17. Nd3 Rac8 18. Re1 Qd7 19. Nc5 Qc7 20. Nd3 Rfd8 21.
Rc1 Qa5 22. a3 Qb5 23. Nb4 Nxb4 24. axb4 Qc6 25. Nf3 Re8 26. Ra1 a6 27. Qa4 Qc4
28. Qa2 Qe4 29. Qb1 Qg4 30. h3 Qe6 31. Ng5 Qc6 32. Nf3 Ne4 33. Qd3 Nd6 34. Rad1
e4 35. Qxd5 Qxd5 36. Rxd5 exf3+ 37. Kxf3 Nc4 38. Re2 Rcd8 39. Rxd8 Rxd8 40. b3
Nd2+ 41. Kg2 Nxb3 42. Rb2 Nd2 43. b5 a5 44. Ra2 Nc4 45. Ra4 Rc8 46. h4 b6 47.
e4 Nd6 48. Ra2 Nxe4 49. Re2 Nxc3 50. Re7 Rb8 51. Rb7 Rxb7 52. h5 Re7 53. g4 Ne2
54. Kf3 Nd4+ 55. Kg2 Re4 56. Kg3 f5 57. Kg2 Rxg4+ 58. Kf1 Re4 59. f3 Re2 60. f4
Kf7 61. Kg1 Ke6 62. Kf1 Kd5 63. Kg1 Ke4 64. h6 gxh6 65. Kf1 Ke3 66. Kg1 Nf3+
0-1

[Event "ICS rated bullet match"]
[Site "204.178.125.65"]
[Date "1999.12.19"]
[Round "?"]
[White "Hossa"]
[Black "evbad"]
[Result "1-0"]
[WhiteElo "2538"]
[BlackElo "2161"]
[PlyCount "121"]

1. e4 d5 2. exd5 Nf6 3. d4 Bg4 4. Be2 Bxe2 5. Qxe2 Qxd5 6. Nf3 e6 7. Bf4 Bd6 8.
Bxd6 Qxd6 9. Nc3 a6 10. O-O-O Nc6 11. d5 Na7 12. dxe6 Qxe6 13. Qxe6+ fxe6 14.
Ng5 Nb5 15. Nxb5 axb5 16. Nxe6 Kf7 17. Nxc7 Rxa2 18. Kb1 Ra5 19. Rhe1 h5 20.
Re5 Rc8 21. Nxb5 Rca8 22. Nd6+ Kg6 23. Rxa5 Rxa5 24. Nxb7 Rf5 25. f3 h4 26. Rd2
Nd5 27. Ka2 Nf4 28. g3 hxg3 29. hxg3 Ne6 30. f4 Rb5 31. Rd7 Nf8 32. Re7 Nh7 33.
Nd6 Ra5+ 34. Kb1 Nf6 35. f5+ Kh6 36. c4 Ng4 37. b3 Nf2 38. Kb2 Nd3+ 39. Kc3 Nf2
40. Re2 Ng4 41. Kb4 Ra8 42. c5 Nf6 43. Kc4 Rb8 44. b4 Kg5 45. c6 Kg4 46. c7 Ra8
47. c8=Q Rxc8+ 48. Nxc8 Kf3 49. Re7 Kxg3 50. Rxg7+ Kf4 51. Nd6 Ne4 52. Nxe4
Kxe4 53. Rg4+ Ke5 54. Kc5 Kxf5 55. Rd4 Kf6 56. b5 Ke7 57. Rd6 Kf7 58. b6 Kg7
59. b7 Kf7 60. b8=Q Ke7 61. Qc7+ 1-0

[Event "ICS rated bullet match"]
[Site "204.178.125.65"]
[Date "1999.12.19"]
[Round "?"]
[White "evbad"]
[Black "Hossa"]
[Result "1/2-1/2"]
[WhiteElo "2158"]
[BlackElo "2541"]
[PlyCount "62"]

1. d4 c5 2. e3 Nf6 3. Bd3 d5 4. c3 Nc6 5. Nd2 e5 6. dxe5 Nxe5 7. Ndf3 Nxd3+ 8.
Qxd3 Bd6 9. Ne2 O-O 10. Ng3 Bg4 11. Bd2 Re8 12. O-O-O Qd7 13. h3 Bxg3 14. hxg4
Bxf2 15. g5 Ne4 16. Rh3 c4 17. Qe2 Qa4 18. Rdh1 Qxa2 19. Rxh7 Kf8 20. Nd4 Ng3
21. Qxf2 Qa1+ 22. Kc2 Nxh1 23. Qf4 Qa4+ 24. Kb1 Qd1+ 25. Ka2 Kg8 26. Qh4 Qa4+
27. Kb1 Qd1+ 28. Ka2 Qa4+ 29. Kb1 Qd1+ 30. Ka2 Qa4+ 31. Kb1 Qd1+ 1/2-1/2

[Event "ICS rated bullet match"]
[Site "204.178.125.65"]
[Date "1999.12.19"]
[Round "?"]
[White "evbad"]
[Black "Hossa"]
[Result "0-1"]
[WhiteElo "2151"]
[BlackElo "2535"]
[PlyCount "100"]

1. d4 e6 2. e4 d5 3. Nc3 dxe4 4. Nxe4 Qd5 5. Nc3 Bb4 6. Nf3 Nf6 7. Bd3 Ne4 8.
Bd2 Bxc3 9. bxc3 Nxd2 10. Qxd2 Nc6 11. O-O O-O 12. Rfe1 Qd6 13. Rab1 Qa3 14.
Re3 Qxa2 15. Rbe1 Rd8 16. Ng5 h6 17. Rg3 hxg5 18. Qxg5 Kf8 19. Qxg7+ Ke7 20.
Qg5+ Kd7 21. Qf6 Rf8 22. Bg6 Nd8 23. d5 Ke8 24. Bh5 Qxc2 25. Rge3 Qh7 26. dxe6
Bxe6 27. Rxe6+ Kd7 28. Re7+ Kc8 29. Bg4+ Kb8 30. Re8 Rxe8 31. Rf1 Qe4 32. h3
Qe7 33. Qxe7 Rxe7 34. h4 a5 35. f3 Re2 36. h5 a4 37. h6 Nc6 38. h7 Ka7 39. Rf2
Re1+ 40. Kh2 Rh8 41. Kg3 Rxh7 42. Ra2 b5 43. Rxa4+ bxa4 44. Be6 Rxe6 45. c4 Re2
46. c5 Rg7+ 47. Kf4 a3 48. g4 a2 49. Kf5 a1=Q 50. f4 Ne7# 0-1

[Event "ICS rated bullet match"]
[Site "204.178.125.65"]
[Date "1999.12.19"]
[Round "?"]
[White "Hossa"]
[Black "JohnnyReb"]
[Result "1-0"]
[WhiteElo "2538"]
[BlackElo "2390"]
[PlyCount "109"]

1. e4 c5 2. Nf3 Nc6 3. Nc3 e5 4. Bc4 d6 5. O-O Nf6 6. Ng5 d5 7. exd5 Bg4 8. Qe1
Nd4 9. Qxe5+ Qe7 10. Nxf7 Qxe5 11. Nxe5 Nxc2 12. Bb5+ Bd7 13. Nxd7 Nxd7 14. Rb1
O-O-O 15. Bd3 Nd4 16. Re1 Nf6 17. Bc4 Bd6 18. d3 Ng4 19. h3 Ne5 20. Ne4 Rhe8
21. Nxd6+ Rxd6 22. Bf4 Nef3+ 23. gxf3 Nxf3+ 24. Kh1 Rdd8 25. Rxe8 Rxe8 26. Be3
b6 27. Rc1 Rd8 28. a3 a5 29. Kg2 Ne5 30. f4 Ng6 31. Kf3 Nh4+ 32. Kg4 Ng2 33.
Bd2 a4 34. Rg1 b5 35. Bxb5 Rxd5 36. Rxg2 Rd6 37. Be3 Rg6+ 38. Kf3 Rb6 39. Bxa4
Ra6 40. b3 Rh6 41. Rxg7 Rd6 42. Ke2 Rd5 43. Rxh7 Kd8 44. b4 Rf5 45. Bxc5 Rxc5
46. bxc5 Kc8 47. Bd7+ Kb7 48. Bb5+ Kc8 49. Ba6+ Kb8 50. Ke3 Ka8 51. Ke4 Kb8 52.
Kd5 Ka8 53. Kc6 Kb8 54. Kb6 Ka8 55. Rh8# 1-0

[Event "ICS rated bullet match"]
[Site "204.178.125.65"]
[Date "1999.12.19"]
[Round "?"]
[White "JohnnyReb"]
[Black "Hossa"]
[Result "1-0"]
[WhiteElo "2380"]
[BlackElo "2548"]
[PlyCount "107"]

1. d4 e6 2. e4 d5 3. e5 c5 4. c3 Nc6 5. Nf3 Bd7 6. a3 cxd4 7. cxd4 Nge7 8. Be2
Qb6 9. Nc3 Rc8 10. Na4 Qc7 11. O-O f6 12. exf6 gxf6 13. Nc5 Nxd4 14. Qxd4 e5
15. Qh4 Ng6 16. Qxf6 Bxc5 17. Ng5 Rf8 18. Qg7 Bf5 19. Qh6 Rh8 20. Be3 Qb6 21.
Bxc5 Rxc5 22. Qg7 Rc7 23. Bb5+ Kd8 24. Nf7+ Kc8 25. Rac1 Kb8 26. Rxc7 Qxc7 27.
Qf6 Rf8 28. Qxf5 Qxf7 29. Qh5 Qc7 30. Qh6 Rc8 31. Rd1 Nf4 32. g3 Rg8 33. Qf6
Ka8 34. Qf5 e4 35. Bf1 h5 36. Ra1 h4 37. Kh1 hxg3 38. fxg3 Ng6 39. Qxd5 Re8 40.
Re1 e3 41. Bg2 Rh8 42. Qe4 Qh7 43. h3 Rb8 44. b4 Qh5 45. Qxe3 Qh7 46. Kh2 Qh8
47. h4 Qh5 48. Qc5 Qh6 49. Re6 Rg8 50. Qc7 Qxh4+ 51. gxh4 Rb8 52. Bxb7+ Rxb7
53. Re8+ Rb8 54. Rxb8# 1-0

[Event "ICS rated bullet match"]
[Site "204.178.125.65"]
[Date "1999.12.19"]
[Round "?"]
[White "Hossa"]
[Black "evbad"]
[Result "1-0"]
[WhiteElo "2525"]
[BlackElo "2133"]
[PlyCount "115"]
[EventDate "1999.??.??"]

1. e4 e6 2. d4 d5 3. Nc3 Bb4 4. a3 Bxc3+ 5. bxc3 Ne7 6. Bd3 b6 7. Nf3 Ba6 8.
Bxa6 Nxa6 9. Qe2 Nb8 10. exd5 Nxd5 11. c4 Nf6 12. Bg5 Nbd7 13. O-O O-O 14. Rfe1
h6 15. Bf4 Re8 16. c3 c5 17. Bd6 Rc8 18. Rab1 Nb8 19. Bxb8 Rxb8 20. Qe5 Rc8 21.
Rbc1 Qc7 22. Qe3 Ng4 23. Qe4 Nf6 24. Qd3 Red8 25. Re2 Ng4 26. Rcc2 Nf6 27. Ne5
Nd7 28. Ng4 Nf8 29. Ne3 Ng6 30. Red2 Nf4 31. Qe4 Ng6 32. Rb2 Qf4 33. f3 Qxe4
34. fxe4 Ne7 35. d5 e5 36. Rf2 f6 37. Nf5 Nxf5 38. Rxf5 Rd6 39. Rbf2 Kf7 40.
Rxe5 Re8 41. Rxe8 Kxe8 42. g4 Kd7 43. Kg2 Kc7 44. Kf3 Rd7 45. Ke3 Kd6 46. h4
Ke5 47. g5 hxg5 48. hxg5 Rf7 49. Rf5+ Kd6 50. e5+ Ke7 51. e6 Rf8 52. gxf6+ gxf6
53. Rh5 Rg8 54. Rh7+ Kd6 55. Ke4 Rg4+ 56. Kf5 Rg5+ 57. Kxf6 Rg8 58. Rd7# 1-0

[Event "ICS rated bullet match"]
[Site "204.178.125.65"]
[Date "1999.12.19"]
[Round "?"]
[White "evbad"]
[Black "Hossa"]
[Result "1/2-1/2"]
[WhiteElo "2130"]
[BlackElo "2528"]
[PlyCount "82"]

1. d4 c5 2. c3 cxd4 3. cxd4 d5 4. Nc3 Nc6 5. Bf4 Bf5 6. e3 e6 7. Bd3 Bxd3 8.
Qxd3 Bd6 9. Bg3 Rc8 10. Nf3 Bxg3 11. hxg3 Nf6 12. O-O a6 13. Rfc1 O-O 14. Na4
Ne4 15. a3 Qc7 16. b4 Nd6 17. Nc5 Rfe8 18. Nd2 Qe7 19. Nf3 Nc4 20. Nd2 Nxd2 21.
Qxd2 Qc7 22. Nd3 f6 23. a4 Qd6 24. Nc5 Qe7 25. b5 Nb8 26. Rc2 Rc7 27. Rac1 Rec8
28. Nd3 axb5 29. axb5 Rxc2 30. Rxc2 Qd7 31. Rxc8+ Qxc8 32. Qb4 Nd7 33. Nc5 Nxc5
34. dxc5 Qa8 35. b6 Qa1+ 36. Kh2 Qd1 37. c6 Qh5+ 38. Kg1 Qd1+ 39. Kh2 Qh5+ 40.
Kg1 Qd1+ 41. Kh2 Qh5+ 1/2-1/2

[Event "ICS rated bullet match"]
[Site "204.178.125.65"]
[Date "1999.12.19"]
[Round "?"]
[White "Hossa"]
[Black "Falke"]
[Result "1-0"]
[WhiteElo "2515"]
[BlackElo "2414"]
[PlyCount "96"]

1. e4 e5 2. Nf3 Nf6 3. Nxe5 d6 4. Nf3 Nxe4 5. c4 Be7 6. d4 O-O 7. Bd3 d5 8. O-O
Nc6 9. cxd5 Qxd5 10. Re1 Nf6 11. Nc3 Qd6 12. Bg5 Be6 13. Nb5 Qd7 14. Bxf6 Bxf6
15. Qc2 g6 16. Be4 Nb4 17. Qa4 a5 18. Nc3 c6 19. a3 Nd5 20. Bxd5 Bxd5 21. Ne5
Qd6 22. Re2 Rfd8 23. Qc2 Bg7 24. Rae1 Be6 25. Rd1 f6 26. Ne4 Qc7 27. Nc5 Bf5
28. Qb3+ Rd5 29. Nc4 a4 30. Qb6 Qd8 31. Nxb7 Qd7 32. Rde1 Rb5 33. Re7 Qxe7 34.
Rxe7 Rxb6 35. Nxb6 Bf8 36. Rc7 Ra6 37. Nc4 Ra7 38. f3 Bd3 39. Nca5 Bb5 40. h4
Bh6 41. Kf2 Kh8 42. Rd7 Bd2 43. b4 axb3 44. Nxb3 Bc3 45. N3c5 Rxa3 46. Ne4 Ra2+
47. Kg1 Bd2 48. Nxf6 Ra1+ 1-0

[Event "ICS rated blitz match"]
[Site "204.178.125.65"]
[Date "1999.12.19"]
[Round "?"]
[White "Hossa"]
[Black "Supermaster"]
[Result "1-0"]
[WhiteElo "2436"]
[BlackElo "2224"]
[PlyCount "59"]

1. e4 e5 2. Nf3 Nc6 3. Bb5 Bc5 4. c3 Qf6 5. O-O Nge7 6. d4 exd4 7. Bg5 Qg6 8.
Bxe7 Bxe7 9. cxd4 Qxe4 10. Re1 Qf5 11. d5 Nd8 12. Qe2 Qf6 13. Nc3 Kf8 14. Ne4
Qb6 15. Ng3 Ne6 16. dxe6 dxe6 17. Rad1 c6 18. Bc4 Qc7 19. Qd3 b5 20. Bb3 Bb7
21. Ne5 Rd8 22. Qf3 Bf6 23. Rxd8+ Qxd8 24. Rd1 Qe8 25. Nd7+ Ke7 26. Nf5+ exf5
27. Qe3+ Kd8 28. Nxf6+ Kc8 29. Nxe8 a5 30. Qe5 1-0

[Event "ICS rated blitz match"]
[Site "204.178.125.65"]
[Date "1999.12.19"]
[Round "?"]
[White "Hossa"]
[Black "PostModernist"]
[Result "1-0"]
[WhiteElo "2443"]
[BlackElo "2575"]
[PlyCount "135"]

1. e4 c5 2. Nf3 Nc6 3. Nc3 g6 4. d4 cxd4 5. Nxd4 Bg7 6. Be3 Nf6 7. Nxc6 bxc6 8.
e5 Ng8 9. f4 f6 10. Bd4 Qc7 11. Qe2 fxe5 12. Bxe5 Bxe5 13. fxe5 Bb7 14. O-O-O
O-O-O 15. Qe3 Qb6 16. Qf4 h6 17. Kb1 Qc7 18. Bc4 g5 19. Qf2 Kb8 20. Rhe1 Qb6
21. Qf7 h5 22. Qg7 Nh6 23. Qxe7 Ng4 24. Rxd7 Rxd7 25. Qxd7 Rd8 26. Qe7 Rd2 27.
Qxg5 Qf2 28. Rc1 Qxg2 29. h3 Nh2 30. Qxh5 Qg7 31. Ne4 Rd8 32. Nc5 Rh8 33. Qf5
Bc8 34. e6 Qd4 35. Ba6 Bxa6 36. Nxa6+ Kb7 37. Nc5+ Kb6 38. Nb3 Qd6 39. Qf2+ c5
40. e7 Re8 41. Rh1 Rxe7 42. Qxh2 Qxh2 43. Rxh2 c4 44. Nc1 Re3 45. h4 Kc5 46. h5
a6 47. h6 Re8 48. h7 Rh8 49. Rh5+ Kd4 50. Ne2+ Ke3 51. Nc3 Kf3 52. Nd5 Kg4 53.
Nf6+ Kf4 54. Kc1 Ke3 55. Re5+ Kd4 56. Re8 Rxh7 57. Nxh7 a5 58. c3+ Kc5 59. Nf6
Kd6 60. Kd2 Kc6 61. Re6+ Kc7 62. Ke3 a4 63. Kd4 Kb8 64. Kc5 Kc7 65. a3 Kb7 66.
Re7+ Ka6 67. Ng4 Ka5 68. Ra7# 1-0

[Event "ICS rated blitz match"]
[Site "204.178.125.65"]
[Date "1999.12.19"]
[Round "?"]
[White "PostModernist"]
[Black "Hossa"]
[Result "1-0"]
[WhiteElo "2553"]
[BlackElo "2465"]
[PlyCount "97"]

1. Nf3 Nf6 2. g3 g6 3. Bg2 Bg7 4. d4 d5 5. O-O h5 6. Bf4 h4 7. Nxh4 Nc6 8. c3
Bg4 9. Nd2 Qd7 10. Nb3 b6 11. Qd3 Bh3 12. Bxh3 Qxh3 13. Qb5 Kd7 14. f3 a6 15.
Qd3 Kc8 16. a4 e6 17. a5 b5 18. Qe3 Ra7 19. Qf2 Nh5 20. Bd2 e5 21. e3 Bf8 22.
e4 g5 23. Qg2 Qe6 24. Bxg5 dxe4 25. Nd2 exd4 26. cxd4 Bg7 27. d5 Qxd5 28. Nxe4
Bd4+ 29. Kh1 f5 30. Nc3 Bxc3 31. bxc3 Qd3 32. Rfd1 Qxc3 33. Rac1 Qb3 34. Qg1
Kb7 35. Rd7 Kc8 36. Rd2 Nxg3+ 37. Qxg3 Nxa5 38. Qe5 Rg8 39. Be3 Rb7 40. Nxf5
Kb8 41. Qf6 Nc6 42. Qxc6 Qf7 43. Rd7 Qa2 44. Qxb7+ Kxb7 45. Rcxc7+ Kb8 46. Rb7+
Ka8 47. Ra7+ Kb8 48. Bf4+ Kc8 49. Ne7# 1-0